Ṣaḥīḥ al-Bukhārī / (Record no. 50057)

MARC details
000 -LEADER
fixed length control field 01784cam a2200301 4500
001 - CONTROL NUMBER
control field ne 68000477
003 - CONTROL NUMBER IDENTIFIER
control field DLC
005 - DATE AND TIME OF LATEST TRANSACTION
control field 20260227111837.0
008 - FIXED-LENGTH DATA ELEMENTS--GENERAL INFORMATION
fixed length control field 930414m19669999ua 000 0 ara
010 ## - LIBRARY OF CONGRESS CONTROL NUMBER
LC control number ne 68000477
025 ## - OVERSEAS ACQUISITION NUMBER
Overseas acquisition number PL480:UAR-8884
035 ## - SYSTEM CONTROL NUMBER
System control number (CStRLIN)DCLN93-B217
040 ## - CATALOGING SOURCE
Original cataloging agency DLC
Transcribing agency DLC
Modifying agency DLC-R
-- DLC
050 00 - LIBRARY OF CONGRESS CALL NUMBER
Classification number BP135
Item number .A12 1966
066 ## - CHARACTER SETS PRESENT
Alternate G0 or G1 character set (3
100 1# - MAIN ENTRY--PERSONAL NAME
Linkage 880-01
Personal name Bukhārī, Muḥammad ibn Ismāʻīl,
Dates associated with a name 810-870.
240 10 - UNIFORM TITLE
Linkage 880-02
Uniform title Jāmiʻ al-ṣaḥīḥ
245 10 - TITLE STATEMENT
Linkage 880-03
Title Ṣaḥīḥ al-Bukhārī /
Statement of responsibility, etc. taʼlīf Abī ʻAbd Allāh Muḥammad ibn Ismāʻīl ibn Ibrāhīm ibn Bardizbah al-Juʻfī al-Bukhārī.
260 ## - PUBLICATION, DISTRIBUTION, ETC.
Linkage 880-04
Place of publication, distribution, etc. al-Qāhirah :
Name of publisher, distributor, etc. al-Jumhūrīyah al-ʻArabīyah al-Muttaḥidah, al-Majlis al-Aʻlá lil-Shuʼūn al-Islāmīyah, Lajnat Iḥyāʼ Kutub al-Sunnah,
Date of publication, distribution, etc. 1386-<1412 > [1966]-<1991 >
300 ## - PHYSICAL DESCRIPTION
Extent v. <1-6, 8-9 > ;
Dimensions 24 cm.
650 #0 - SUBJECT ADDED ENTRY--TOPICAL TERM
Topical term or geographic name entry element Hadith
General subdivision Texts
-- Early works to 1800.
710 1# - ADDED ENTRY--CORPORATE NAME
Linkage 880-05
Corporate name or jurisdiction name as entry element United Arab Republic.
Subordinate unit al-Majlis al-Aʻlá lil-Shuʼūn al-Islāmīyah.
-- Lajnat Iḥyāʼ Kutub al-Sunnah.
880 1# - ALTERNATE GRAPHIC REPRESENTATION
Linkage 100-01/(3/r
a بخاري، محمد بن إسماعيل.
880 10 - ALTERNATE GRAPHIC REPRESENTATION
Linkage 240-02/(3/r
a جامع الصحيح
880 10 - ALTERNATE GRAPHIC REPRESENTATION
Linkage 245-03/(3/r
a صحيح البخاري /
c تأليف أبي عبد الله محمد بن إسماعيل بن ابراهيم بن بردزبه الجعفي البخاري.
880 ## - ALTERNATE GRAPHIC REPRESENTATION
Linkage 260-04/(3/r
a القاهرة :
b الجمهورية العربية المتحدة، المجلس الأعلى للشئون الإسلامية، لجنة إحياء كتب السنة،
c 1386-<1412 > [1966]-<1991 >.
880 1# - ALTERNATE GRAPHIC REPRESENTATION
Linkage 710-05/(3/r
a جمهورية العربية المتحدة.
b مجلس الأعلى للشئون الإسلامية.
-- لجنة إحياء كتب السنة.

No items available.

Powered by Koha